| 000 | 01098cam a2200229Ma 4500 | ||
|---|---|---|---|
| 001 | pouroutyourheart00shaw | ||
| 003 | CaSfIA | ||
| 005 | 20210118211432.0 | ||
| 007 | cr|||| | ||
| 008 | 940422s1977 xxu 000 0 eng d | ||
| 040 |
_aSZT _cSZT _dOCLCG _dCaSfIA |
||
| 035 | _a(OCoLC)86011058 | ||
| 100 | 1 |
_aShaw, Gwen R. _q(Gwen Ruth) |
|
| 245 | 1 | 0 |
_aPour out your heart : _h[electronic resource] _ba Bible study course on intercessory - travailing prayer / _cGwen R. Shaw. |
| 260 |
_aJasper : _bEngeltal, _cc1977. |
||
| 300 | _a51 p. | ||
| 856 | 4 | 1 |
_uhttp://www.archive.org/details/pouroutyourheart00shaw _zFree eBook from the Internet Archive |
| 856 | 4 | 2 |
_uhttp://www.openlibrary.org/books/OL24217090M _zAdditional information and access via Open Library |
| 942 | _cEB | ||
| 506 | _fНеобхідна авторизація на https://archive.org/ (створення облікового запису безкоштовно) | ||
| 506 | _fНеобхідна авторизація на https://openlibrary.org/ (створення облікового запису безкоштовно) | ||
| 999 |
_c538231 _d538231 |
||